| Tag |
First Indicator |
Second Indicator |
Subfields |
| LEADER |
00000cam a2200000Ia 4500 |
| 001 |
in00002781313 |
| 005 |
20150922133658.0 |
| 008 |
971202s1997 dcu n 000 0 eng d |
| 020 |
|
|
|a 0911696717
|
| 020 |
|
|
|a 9780911696714
|
| 029 |
1 |
|
|a YDXCP
|b 1531457
|
| 029 |
1 |
|
|a AU@
|b 000041967707
|
| 035 |
|
|
|a (OCoLC)ocm38026073
|
| 035 |
|
|
|a (OCoLC)38026073
|
| 040 |
|
|
|a KUK
|c KUK
|d OCL
|d OCLCQ
|d BAKER
|d YDXCP
|d RMC
|d TXA
|d UtOrBLW
|
| 043 |
|
|
|a n-us---
|
| 049 |
|
|
|a TXAM
|
| 050 |
|
4 |
|a LC1099.3
|b .S650 1997
|
| 082 |
0 |
4 |
|a 378.1982
|
| 090 |
|
|
|a LC1099.3
|b .S59 1997
|
| 100 |
1 |
|
|a Smith, Daryl G.
|
| 245 |
1 |
0 |
|a Diversity works :
|b the emerging picture of how students benefit /
|c Daryl G. Smith .. [and others].
|
| 264 |
|
1 |
|a Washington, D.C. :
|b Association of American Colleges and Universities,
|c 1997.
|
| 300 |
|
|
|a vii, 154 pages ;
|c 26 cm.
|
| 336 |
|
|
|a text
|b txt
|2 rdacontent
|
| 337 |
|
|
|a unmediated
|b n
|2 rdamedia
|
| 338 |
|
|
|a volume
|b nc
|2 rdacarrier
|
| 504 |
|
|
|a Includes bibliographical references (pages 51-63).
|
| 500 |
|
|
|a "Published as part of the Association of American Colleges and Universities' national initiative, American Commitments: Diversity, Democracy, and Liberal Learning."
|
| 500 |
|
|
|a "This report ... incorporates and extends an earlier study, The impact of diversity on students: a preliminary review of the research literature (1996)."--P. I.
|
| 505 |
0 |
|
|a Context for campus diversity research -- Framework for analysis: searching and organizing the literature -- Representation: inclusion and success of underrepresented populations -- Campus climate and intergroup relations -- Education and scholarship: curriculum, teaching, and learning -- Institutional transformation: findings on comprehensive campus commitments to diversity.
|
| 541 |
0 |
|
|a Donated by The Department of Multicultural Services
|d 20121101
|
| 650 |
|
0 |
|a Multicultural education
|z United States.
|
| 650 |
|
0 |
|a Minorities
|x Education (Higher)
|z United States.
|
| 650 |
|
0 |
|a College teaching
|z United States.
|
| 776 |
0 |
8 |
|i Online version:
|a Smith, Daryl G.
|t Diversity works.
|d Washington, D.C. : Association of American Colleges and Universities, 1997
|w (OCoLC)623219159
|
| 938 |
|
|
|a Baker & Taylor
|b BKTY
|c 20.00
|d 24.95
|i 0911696717
|n 0003118094
|s active
|
| 938 |
|
|
|a YBP Library Services
|b YANK
|n 1531457
|
| 948 |
|
|
|a cataloged
|b h
|c 2012/11/1
|d c
|e cfellows
|f 11:06:40 am
|
| 994 |
|
|
|a C0
|b TXA
|
| 999 |
|
|
|a MARS
|
| 999 |
f |
f |
|s e9eeabfb-bc76-3a93-b4bf-774f4968ee94
|i 7f354e04-93d5-3d2a-a5b3-b3f3026afb5e
|t 0
|
| 952 |
f |
f |
|p noncirc
|a Texas A&M University
|b College Station
|c Cushing Memorial Library & Archives
|d Cushing: Area Studies/Africana (Does not check out)
|t 0
|e LC1099.3 .S59 1997
|h Library of Congress classification
|i unmediated -- volume
|
| 998 |
f |
f |
|a LC1099.3 .S59 1997
|t 0
|l Cushing: Area Studies/Africana (Does not check out)
|